000 00344nam a2200145Ia 4500
100 _aFesto
650 _afesto
942 _cRB
654 _alogic controllers
245 _aProgrammable logic controllers-basic Level TP 301(093311)
260 _bFesto
_aBangalore
_c2002
082 _a629.8045/FES
_bFES
300 _a205
546 _aENGLISH
999 _c23968
_d23968